Top 250 NHL Players Coming Into The 2022-2023 Season - Statistics

General Stats
  • This quiz has been taken 1,487 times
    1,482 since last reset
  • The average score is 125 of 250
Answer Stats
Team Position Player % Correct
Oilers C Connor McDavid
98%
Maple Leafs C Auston Matthews
96%
Capitals LW Alexander Ovechkin
95%
Avalanche D Cale Makar
95%
Oilers C Leon Draisaitl
95%
Avalanche C Nathan Mackinnon
94%
Penguins C Sidney Crosby
94%
Lightning G Andrei Vasilevskiy
90%
Maple Leafs RW Mitchell Marner
90%
Senators LW Brady Tkachuk
89%
Panthers LW Matthew Tkachuk
89%
Lightning RW Nikita Kucherov
89%
Lightning C Steven Stamkos
89%
Panthers C Aleksander Barkov
87%
Hurricanes G Antti Raanta
87%
Rangers LW Artemi Panarin
87%
Oilers LW Evander Kane
87%
Rangers G Igor Shesterkin
87%
Devils C Jack Hughes
87%
Wild LW Kirill Kaprizov
87%
Blackhawks RW Patrick Kane
87%
Canucks D Quinn Hughes
87%
Lightning D Victor Hedman
87%
Rangers D Adam Fox
86%
Predators D Roman Josi
86%
Hurricanes C Sebastian Aho
86%
Bruins RW David Pastrnak
85%
Bruins** LW Brad Marchand
84%
Canucks C Elias Pettersson
84%
Avalanche RW Mikko Rantanen
84%
Penguins C Evgeni Malkin
83%
Flames LW Jonathan Huberdeau
83%
Sharks D Erik Karlsson
82%
Islanders G Ilya Sorokin
79%
Wild C Joel Eriksson Ek
78%
Canucks LW J.T. Miller
78%
Rangers C Mika Zibanejad
78%
Blue Jackets LW Johnny Gaudreau
77%
Predators G Juuse Saros
77%
Penguins D Kris Letang
77%
Jets LW Kyle Connor
77%
Bruins C Patrice Bergeron
77%
Lightning** C Brayden Point
76%
Golden Knights C Jack Eichel
76%
Stars LW Jason Robertson
76%
Wild G Mark-Andre Fleury
74%
Golden Knights RW Mark Stone
74%
Avalanche D Devon Toews
73%
Avalanche LW Gabriel Landeskog
73%
Panthers D Aaron Ekblad
72%
Maple Leafs C John Tavares
72%
Kings C Anze Kopitar
71%
Capitals D John Carlson
71%
Jets C Mark Scheifele
71%
Red Wings D Moritz Seider
71%
Senators G Anton Forsberg
70%
Predators LW Filip Forsberg
70%
Hurricanes G Frederik Andersen
70%
Penguins LW Jake Guentzel
70%
Stars G Jake Oettinger
69%
Panthers G Sergei Bobrovsky
69%
Canucks G Thatcher Demko
69%
Maple Leafs C William Nylander
69%
Hurricanes LW Andrei Svechnikov
68%
Rangers LW Chris Kreider
68%
Red Wings C Dylan Larkin
68%
Flames G Jacob Markstrom
67%
Bruins G Linus Ullmark
67%
Ducks C Trevor Zegras
67%
Blues RW Vladimir Tarasenko
67%
Senators C Claude Giroux
66%
Jets G Connor Hellebuyck
66%
Maple Leafs D Morgan Rielly
66%
Bruins G Jeremy Swayman
65%
Sabres D Rasmus Dahlin
65%
Hurricanes D Brent Burns
64%
Kings D Drew Doughty
64%
Golden Knights* G Logan Thompson
64%
Islanders C Matthew Barzal
64%
Flames C Nazem Kadri
64%
Blue Jackets LW Patrik Laine
64%
Sabres C Tage Thompson
64%
Senators C Tim Stutzle
64%
Bruins** D Charlie McAvoy
63%
Canadiens LW Cole Caufield
63%
Canadiens C Nick Suzuki
63%
Flames D Rasmus Andersson
63%
Stars C Tyler Seguin
63%
Blues C Ryan O'reilly
61%
Penguins G Tristan Jarry
61%
Senators LW Alex DeBrincat
60%
Canucks RW Brock Boeser
60%
Oilers D Darnell Nurse
60%
Devils D Dougie Hamilton
60%
Flames C Elias Lindholm
60%
Capitals C Evgeny Kuznetsov
60%
Bruins D Hampus Lindholm
60%
Oilers G Jack Campbell
60%
Sabres LW Jeff Skinner
60%
Sharks LW Timo Meier
60%
Oilers LW Ryan Nugent-Hopkins
59%
Jets RW Blake Wheeler
58%
Stars D Miro Heiskanen
58%
Blackhawks D Seth Jones
58%
Golden Knights D Alex Pietrangelo
57%
Stars C Joe Pavelski
57%
Coyotes LW Clayton Keller
56%
Kings G Jonathan Quick
56%
Blue Jackets D Zach Werenski
56%
Capitals G Darcy Kuemper
55%
Golden Knights C Jonathan Marchessault
55%
Stars LW Roope Hintz
55%
Blues C Robert Thomas
54%
Senators D Thomas Chabot
54%
Blues LW Jordan Kyrou
53%
Jets LW Nicolaj Ehlers
53%
Sharks C Tomas Hertl
53%
Canucks C Bo Horvat
52%
Hurricanes D Jaccob Slavin
52%
Devils C Nico Hischier
52%
Oilers C Zach Hyman
51%
Sabres* D Owen Power
50%
Golden Knights D Shea Theodore
50%
Maple Leafs G Ilya Samsonov
49%
Rangers D Jacob Trouba
49%
Blues G Jordan Binnington
49%
Kings LW Kevin Fiala
49%
Red Wings RW Lucas Raymond
49%
Avalanche G Alexander Georgiev
48%
Sharks C Logan Couture
48%
Panthers C Sam Reinhart
48%
Oilers D Evan Bouchard
47%
Devils RW Jesper Bratt
47%
Flames D Mackenzie Weegar
47%
Lightning D Mikhail Sergachev
47%
Islanders G Semyon Varlamov
47%
Panthers G Spencer Knight
47%
Kraken* C Matty Beniers
46%
Jets C Pierre-Luc Dubois
46%
Capitals** RW Tom Wilson
45%
Kings LW Adrian Kempe
44%
Ducks G John Gibson
44%
Senators C Josh Norris
44%
Predators RW Matt Duchene
44%
Capitals RW T.J Oshie
44%
Senators RW Drake Batherson
43%
Wild RW Mats Zuccarello
43%
Penguins LW Bryan Rust
42%
Islanders D Noah Dobson
42%
Ducks RW Troy Terry
42%
Senators G Cam Talbot
41%
Flyers G Carter Hart
41%
Maple Leafs G Matt Murray
41%
Bruins LW Taylor Hall
41%
Blues D Torey Krug
41%
Rangers RW Alexis Lafreniere
40%
Islanders LW Anders Lee
40%
Blue Jackets* LW Kent Johnson
40%
Hurricanes LW Teuvo Teravainen
40%
Kraken LW Jared McCann
39%
Flames RW Tyler Toffoli
39%
Blue Jackets C Boone Jenner
38%
Islanders C Brock Nelson
37%
Capitals C Dylan Strome
37%
Wild LW Matt Boldy
37%
Panthers C Sam Bennett
37%
Blues C Brayden Schenn
36%
Red Wings LW David Perron
35%
Blue Jackets G Elvis Merzlikins
35%
Coyotes D Jakob Chychrun
35%
Wild D Jared Spurgeon
35%
Avalanche D Bowen Byram
34%
Canadiens* LW Juraj Slafkovsky
34%
Red Wings LW Tyler Bertuzzi
34%
Red Wings G Ville Husso
34%
Rangers C Vincent Trocheck
34%
Blues LW Pavel Buchnevich
33%
Avalanche D Samuel Girard
33%
Sabres RW Alex Tuch
32%
Ducks* LW Mason McTavish
32%
Bruins C David Krejci
31%
Flames D Noah Hanifin
31%
Bruins LW Jake DeBrusk
30%
Senators* D Jake Sanderson
30%
Devils LW Ondrej Palat
30%
Flyers** C Sean Couturier
30%
Hurricanes RW Seth Jarvis
30%
Kraken D Vince Dunn
30%
Ducks D John Klingberg
29%
Maple Leafs LW Michael Bunting
29%
Devils G Vitek Vanecek
29%
Panthers LW Carter Verhaeghe
28%
Avalanche G Pavel Francouz
28%
Avalanche RW Artturi Lehkonen
27%
Wild D Matt Dumba
27%
Coyotes RW Phil Kessel
27%
Blues D Justin Faulk
26%
Predators C Ryan Johansen
26%
Avalanche LW Valeri Nichushkin
26%
Kings** RW Viktor Arvidsson
25%
Flames RW Andrew Mangiapane
24%
Panthers C Anton Lundell
24%
Golden Knights C Chandler Stephenson
24%
Kings C Phillip Danault
24%
Lightning LW Alex Killorn
23%
Canucks LW Andrei Kuzmenko
23%
Red Wings C Andrew Copp
23%
Devils RW Dawson Mercer
23%
Coyotes RW Nick Schmaltz
23%
Hurricanes* G Pyotr Kochetkov
23%
Penguins LW Rickard Rakell
23%
Flyers D Tony DeAngelo
23%
Panthers D Gustav Forsling
22%
Penguins D Jeff Petry
22%
Canadiens C Kirby Dach
22%
Kraken* C Shane Wright
22%
Kraken LW Andre Burakovsky
20%
Jets* C Cole Perfetti
20%
Sharks G James Reimer
20%
Wild C Ryan Hartman
20%
Kraken RW Oliver Bjorkstrand
19%
Devils D Damon Severson
18%
Red Wings LW Jakub Vrana
18%
Wild* C Marco Rossi
18%
Red Wings G Alex Nedeljkovic
17%
Flyers RW Cam Atkinson
17%
Kings D Sean Durzi
16%
Flames LW Blake Coleman
15%
Stars LW Mason Marchment
15%
Devils* RW Alexander Holtz
14%
Avalanche LW Alex Newhook
14%
Sharks* LW William Eklund
14%
Devils LW Yegor Sharangovich
14%
Blue Jackets D Adam Boqvist
13%
Blues LW Ivan Barbashev
13%
Sabres RW Victor Olofsson
13%
Blue Jackets C Cole Sillinger
12%
Capitals C Connor McMichael
12%
Blue Jackets C Jack Roslovic
12%
Coyotes RW Lawson Crouse
12%
Kings LW Trevor Moore
12%
Lightning LW Ross Colton
11%
Predators RW Tanner Jeannot
10%
Wild* D Calen Addison
9%
Hurricanes C Paul Stastny
9%
Canucks RW Valily Podkolzin
9%
Islanders RW Oliver Wahlstrom
8%
Capitals* C Hendrix Lapierre
7%
Red Wings* D Simon Edvinsson
7%
Kings RW Arthur Kaliyev
6%
No matching quizzes found
Score Distribution
Percent of People with Each Score
Percentile by Number Answered
Your Score History
You have not taken this quiz since the last reset